LIBRARY & INFORMATION CENTRE, KCAET, TAVANUR

ONLINE PUBLIC ACCESS CATALOGUE (OPAC)

Handbook of food preservation / (Record no. 14866)

MARC details
000 -LEADER
fixed length control field 01412cam a2200361 a 4500
001 - CONTROL NUMBER
control field 14651728
005 - DATE AND TIME OF LATEST TRANSACTION
control field 20170928141402.0
008 - FIXED-LENGTH DATA ELEMENTS--GENERAL INFORMATION
fixed length control field 061130s2007 flua b 001 0 eng
010 ## - LIBRARY OF CONGRESS CONTROL NUMBER
LC control number 2006100043
015 ## - NATIONAL BIBLIOGRAPHY NUMBER
National bibliography number GBA716741
Source bnb
016 7# - NATIONAL BIBLIOGRAPHIC AGENCY CONTROL NUMBER
Record control number 013683900
Source Uk
020 ## - INTERNATIONAL STANDARD BOOK NUMBER
International Standard Book Number 9781574446067 (alk. paper)
020 ## - INTERNATIONAL STANDARD BOOK NUMBER
International Standard Book Number 1574446061 (alk. paper)
035 ## - SYSTEM CONTROL NUMBER
System control number (OCoLC)ocm76901951
035 ## - SYSTEM CONTROL NUMBER
System control number (OCoLC)76901951
040 ## - CATALOGING SOURCE
Original cataloging agency DLC
Transcribing agency DLC
Modifying agency BAKER
-- BTCTA
-- UKM
-- C#P
-- YDXCP
-- DLC
050 00 - LIBRARY OF CONGRESS CALL NUMBER
Classification number TP371
Item number .H26 2007
082 00 - DEWEY DECIMAL CLASSIFICATION NUMBER
Classification number 664/.028
Edition number 22
Item number RAH/HA
245 00 - TITLE STATEMENT
Title Handbook of food preservation /
Statement of responsibility, etc edited by M. Shafiur Rahman.
250 ## - EDITION STATEMENT
Edition statement 2nd ed.
260 ## - PUBLICATION, DISTRIBUTION, ETC. (IMPRINT)
Place of publication, distribution, etc Boca Raton :
Name of publisher, distributor, etc CRC Press,
Date of publication, distribution, etc c2007.
300 ## - PHYSICAL DESCRIPTION
Extent xvii, 1068 p. :
Other physical details ill. ;
Dimensions 26 cm.
490 1# - SERIES STATEMENT
Series statement Food science and technology
504 ## - BIBLIOGRAPHY, ETC. NOTE
Bibliography, etc Includes bibliographical references and index.
650 #0 - SUBJECT ADDED ENTRY--TOPICAL TERM
Topical term or geographic name as entry element Food
General subdivision Preservation.
9 (RLIN) 2116
700 1# - ADDED ENTRY--PERSONAL NAME
Personal name Rahman, Shafiur.
9 (RLIN) 2117
830 #0 - SERIES ADDED ENTRY--UNIFORM TITLE
Uniform title Food science and technology (Taylor & Francis)
9 (RLIN) 2118
856 41 - ELECTRONIC LOCATION AND ACCESS
Materials specified Table of contents only
Uniform Resource Identifier <a href="http://www.loc.gov/catdir/toc/ecip076/2006100043.html">http://www.loc.gov/catdir/toc/ecip076/2006100043.html</a>
856 42 - ELECTRONIC LOCATION AND ACCESS
Materials specified Publisher description
Uniform Resource Identifier <a href="http://www.loc.gov/catdir/enhancements/fy0704/2006100043-d.html">http://www.loc.gov/catdir/enhancements/fy0704/2006100043-d.html</a>
906 ## - LOCAL DATA ELEMENT F, LDF (RLIN)
a 7
b cbc
c orignew
d 1
e ecip
f 20
g y-gencatlg
942 ## - ADDED ENTRY ELEMENTS (KOHA)
Source of classification or shelving scheme Dewey Decimal Classification
Koha item type Reference
Holdings
Withdrawn status Lost status Damaged status Home library Current library Shelving location Date acquired Source of acquisition Cost, normal purchase price Full call number Accession Number Koha item type
      KAUAET KAUAET Reference1 30/03/2017 Vigyan Books, Delhi 7495.00 664/.028 RAH/HA 25428 Reference
free website counter